• 首页
  • 本馆介绍
  • 公告通知
  • 最新文献
  • 馆藏检索
  • 电子资源
  • 读者导购
  • 参考咨询
  • 我的图书馆
  • 登录
  • 详细信息显示
  • 放入我的书架
  • 预约/预借图书
  • 作者相关作品
  • 分类相关作品
  • 丛书相关作品
  • 出版社相关作品

书目信息

  • 表格格式
  • 工作单格式
  • 卡片格式
题名:
唐代文学与佛教
    
 
作者: 孙昌武 著
分册:  
出版信息: 北京   中华书局  2020.6
页数: 491页
开本: 22cm
丛书名: 孙昌武文集
单 册:
中图分类: I206.2 , B948
科图分类:
主题词: 中国文学--zhong guo wen xue--古典文学--关系--佛教--研究--唐代
电子资源:
ISBN: 978-7-101-14604-2
000 01141oam2 2200265 450
001 2131042611
005 20211029202829.0
010    @a978-7-101-14604-2@b精装@dCNY98.00
100    @a20200707d2020 em y0chiy0110 ea
101 0  @achi
102    @aCN@b110000
105    @ay z 000yy
106    @ar
200 1  @a唐代文学与佛教@Atang dai wen xue yu fo jiao@f孙昌武著
210    @a北京@c中华书局@d2020.6
215    @a491页@d22cm
225 2  @a孙昌武文集@Asun chang wu wen ji@v26
330    @a《唐代文学与佛教》为“孙昌武文集”之一种,是孙昌武先生的代表作之一,初版于1985年,收录《唐代“古文运动”与佛教》《韩愈与佛教》《王维的佛教信仰与诗歌创作》《白居易的佛教信仰与生活态度》等文章多篇,推动了唐代文学与佛教关系的研究。本次出版除对原书中的一些错误进行了校订,还收录了作者1985年后发表的关于唐代文学与佛教关系的文章多篇,较为全面地反映了孙昌武先生对该问题的思考和研究。
461  0 @12001 @a孙昌武文集
606 0  @a中国文学@Azhong guo wen xue@x古典文学@x关系@x佛教@x研究@x唐代
690    @aI206.2@v5
690    @aB948@v5
701  0 @a孙昌武@Asun chang wu@4著
801  0 @aCN@b百万庄@c20211029
905    @b1313035-38@dI206.2@e396@f4
    
    唐代文学与佛教/孙昌武著.-北京:中华书局,2020.6
    491页;22cm.-(孙昌武文集;26)
    
    
    ISBN 978-7-101-14604-2(精装):CNY98.00
    《唐代文学与佛教》为“孙昌武文集”之一种,是孙昌武先生的代表作之一,初版于1985年,收录《唐代“古文运动”与佛教》《韩愈与佛教》《王维的佛教信仰与诗歌创作》《白居易的佛教信仰与生活态度》等文章多篇,推动了唐代文学与佛教关系的研究。本次出版除对原书中的一些错误进行了校订,还收录了作者1985年后发表的关于唐代文学与佛教关系的文章多篇,较为全面地反映了孙昌武先生对该问题的思考和研究。
●
相关链接 在E读中查询图书 在五车中查询图书 在当当中查询图书 在豆瓣中查询图书


正题名:唐代文学与佛教     索取号:I206.2/396         预约/预借

序号 登录号 条形码 馆藏地/架位号 状态 备注
1 1313035   213130351   第一样本阅览室/ [索取号:I206.2/396] 在馆    
2 1313036   213130360   第二借阅区/ [索取号:I206.2/396] 在馆    
3 1313037   213130379   第二借阅区/ [索取号:I206.2/396] 在馆    
4 1313038   213130388   第二借阅区/ [索取号:I206.2/396] 在馆    
唐山师范学院图书馆 欢迎您!
大连网信软件有限公司© 版权所有